00455 2200181 4500001002100000008004100021035002000062245003800082100001800120250000600138260003000144300002600174020002200200084001700222082001100239650000800250990001500258INLIS000000000003475 ind  a0010-0526000098 aX-Press TKA EkonomicErni Lestari aLestari, Erni a1 aJakarta :bErlanggac2051 a179 hlmc21 x 25.5 cm a978-623-522-802-0 a330.01 ERN x a330.01 aTKA a20214/B/26